| 000 | 00869nam a2200193 a 4500 | ||
|---|---|---|---|
| 008 | 120416s2004 ||||||||||||||||| || u | ||
| 050 | _aUNCTAD(02) | ||
| 110 | _aUnited Nations Conference on Trade and Development (UNCTAD) | ||
| 245 | 1 | 0 |
_aTransit trade and maritime transport facilitation for the rehabilitation and development of the Pale _cby United Nations Conference on Trade and Development (UNCTAD) |
| 260 |
_aNew York: _bUNITED NATIONS _c2004 |
||
| 300 | _avi, 72p.: ill. | ||
| 350 | _a0.00 | ||
| 650 | _aTRANSPORTATION ROUTES --PALESTINE | ||
| 650 | _aTRADE ROUTES --PALESTINE | ||
| 650 | _aPALESTINE COMMERCE | ||
| 650 | _aPALESTINE --ECONOMIC POLICY | ||
| 650 | _aPALESTINE--ECONOMY | ||
| 995 |
_D0.00 _FCBU-MAIN LIBRARY (Kitwe) _H1 _I0.00 _M1 _UAVAILABLE _WMar 24, 2010 _ZInternational Publications |
||
| 999 |
_c60318 _d60318 |
||